El hijo de mil hombres / (Registro nro. 30676)

Detalles MARC
000 -LEADER
fixed length control field 00408nam a22001337a 4500
008 - FIXED-LENGTH DATA ELEMENTS--GENERAL INFORMATION
fixed length control field 240220b |||||||| |||| 00| 0 eng d
020 ## - INTERNATIONAL STANDARD BOOK NUMBER
International Standard Book Number 9789588845982
082 ## - DEWEY DECIMAL CLASSIFICATION NUMBER
Classification number A-N
Item number MAEH
100 ## - MAIN ENTRY--PERSONAL NAME
Personal name Mae, Valter Hugo
Relator term autor
9 (RLIN) 43476
245 ## - TITLE STATEMENT
Title El hijo de mil hombres /
Statement of responsibility, etc. Valter Hugo Mae
260 ## - PUBLICATION, DISTRIBUTION, ETC.
Place of publication, distribution, etc. Medellín:
Name of publisher, distributor, etc. Tragaluz editores,
Date of publication, distribution, etc. 2017
300 ## - PHYSICAL DESCRIPTION
Extent 181 páginas:
Other physical details Ilustraciones a color;
Dimensions 21 cm.
942 ## - ADDED ENTRY ELEMENTS (KOHA)
Source of classification or shelving scheme Dewey Decimal Classification
Existencias
Withdrawn status Lost status Source of classification or shelving scheme Damaged status Not for loan Home library Current library Date acquired Total Checkouts Full call number Barcode Date last seen Date last checked out Copy number Price effective from Koha item type Public note
    Dewey Decimal Classification     Biblored Biblioteca Pública José María del Castillo y Rada 02/16/2024 1 A-N MAEH 35714005624845 03/04/2024 03/04/2024 Ej. 1 02/20/2024 Books Material interbibliotecario Bibliored